Giáo trình luật kinh tế
v.v...
Đã lưu trong:
| Tác giả chính: | |
|---|---|
| Định dạng: | Sách |
| Năm xuất bản: |
H.
Công an nhân dân
2003
|
| Chủ đề: | |
| Tags: |
Thêm thẻ
Không có thẻ, Hãy là người đầu tiên gắn thẻ bản ghi này!
|
| LEADER | 00645nam a2200181 4500 | ||
|---|---|---|---|
| 082 | |a 343.59707 |b Gi108tr. | ||
| 100 | |a Bùi Ngọc Cường | ||
| 245 | |a Giáo trình luật kinh tế |c Bùi Ngọc Cường, Nguyễn Viết Tý, Hoàng Thế Liên,... | ||
| 260 | |a H. |b Công an nhân dân |c 2003 | ||
| 300 | |a 430 tr. |c 21 cm | ||
| 520 | |a v.v... | ||
| 653 | |a Pháp luật | ||
| 653 | |a Việt Nam | ||
| 653 | |a Luật kinh tế | ||
| 653 | |a giáo trình | ||
| 942 | |2 ddc |c SH | ||
| 999 | |c 9547 |d 9547 | ||
| 952 | |0 0 |1 0 |2 ddc |4 0 |6 343_597070000000000_GI108TR |7 0 |8 300 |9 76153 |a qbu |b qbu |c D2 |d 2015-05-25 |g 30000 |o 343.59707 Gi108tr. |p 9655.c1 |r 0000-00-00 |w 2015-05-25 |y SH | ||